[Event "Sachsen-Anhalt Landesliga A 18/19"]
[Site "Sachsen Anhalt"]
[Date "2019.02.03"]
[Round "6.1"]
[White "Schumacher, Maik"]
[Black "Mohs, Juergen"]
[Result "1/2-1/2"]
[WhiteElo "1829"]
[BlackElo "2022"]
[PlyCount "26"]
[EventDate "2018.09.23"]
[EventType "team-tourn"]
[EventRounds "9"]
[EventCountry "GER"]
[SourceTitle "EXT 2022"]
[Source "ChessBase"]
[SourceDate "2021.10.06"]
[SourceVersion "1"]
[SourceVersionDate "2021.10.06"]
[SourceQuality "1"]
[WhiteTeam "Gardelegen"]
[BlackTeam "Bernburg Aufbau"]
[WhiteTeamCountry "GER"]
[BlackTeamCountry "GER"]

1. d4 d5 2. Bf4 c6 3. c4 e6 4. e3 f5 5. Nf3 Nf6 6. Nbd2 Nbd7 7. Be2 Be7 8. h3 0-0 9. Ne5 Nxe5 10. Bxe5 Bd6 11. Bxd6 Qxd6 12. c5 Qe7 13. 0-0 e5 1/2-1/2

[Event "Sachsen-Anhalt Landesliga A 18/19"]
[Site "Sachsen Anhalt"]
[Date "2018.12.16"]
[Round "5.5"]
[White "Mohs, Juergen"]
[Black "Wiesemann, Gerd"]
[Result "0-1"]
[WhiteElo "2022"]
[BlackElo "1960"]
[PlyCount "102"]
[EventDate "2018.09.23"]
[EventType "team-tourn"]
[EventRounds "9"]
[EventCountry "GER"]
[SourceTitle "EXT 2022"]
[Source "ChessBase"]
[SourceDate "2021.10.06"]
[SourceVersion "1"]
[SourceVersionDate "2021.10.06"]
[SourceQuality "1"]
[WhiteTeam "Bernburg Aufbau"]
[BlackTeam "Tangerhuette Eintracht"]
[WhiteTeamCountry "GER"]
[BlackTeamCountry "GER"]

1. d4 d5 2. c4 c6 3. e3 e6 4. Nc3 f5 5. Bd2 Bd6 6. f4 Nd7 7. Nf3 Ndf6 8. Be2 Nh6 9. g3 Bd7 10. Ne5 0-0 11. 0-0 Be8 12. a3 Kh8 13. Nf3 Bh5 14. Ng5 Bxe2 15. Qxe2 Qe7 16. c5 Bc7 17. b4 Nf7 18. Nf3 h6 19. Ne5 Bxe5 20. fxe5 Ne4 21. Kg2 Nxc3 22. Bxc3 Ng5 23. Be1 Ne4 24. h3 g5 25. Kh2 Rf7 26. Ra2 Rh7 27. a4 Rf8 28. b5 Rhf7 29. Qh5 Kh7 30. Rg2 Qd7 31. Qe2 Kg6 32. h4 Rg8 33. Rh1 Rh7 34. Rhg1 h5 35. Bf2 Kh6 36. Be1 Rhg7 37. bxc6 bxc6 38. Kh3 Rg6 39. Qb2 Qe7 40. Qe2 Rb8 41. Kh2 Rb3 42. Qf3 Rg8 43. Re2 Rgb8 44. a5 Rd3 45. Qf1 Rbb3 46. Bf2 Qb7 47. hxg5+ Kg6 48. Kg2 Qe7 49. Rh1 Qxg5 50. Rh3 Nd2 51. Qh1 Nc4 0-1

[Event "GER-chT Seniors 25th"]
[Site "Magdeburg"]
[Date "2016.10.15"]
[Round "7.4"]
[White "Mohs, Juergen"]
[Black "Glasewald, Stefan"]
[Result "1/2-1/2"]
[WhiteElo "1913"]
[BlackElo "2034"]
[PlyCount "39"]
[EventDate "2016.10.09"]
[EventType "team-swiss"]
[EventRounds "7"]
[EventCountry "GER"]
[SourceTitle "EXT 2019"]
[Source "ChessBase"]
[SourceDate "2018.10.10"]
[SourceVersion "1"]
[SourceVersionDate "2018.10.10"]
[SourceQuality "1"]
[WhiteTeam "Sachsen Anhalt II"]
[BlackTeam "Sachsen"]
[WhiteTeamCountry "GER"]
[BlackTeamCountry "GER"]

1. d4 Nf6 2. c4 e5 3. dxe5 Ne4 4. Qc2 d5 5. exd6 Bf5 6. Qa4+ Nc6 7. e3 Bxd6 8. a3 Nc5 9. Qd1 Ne5 10. Nf3 Ned3+ 11. Bxd3 Nxd3+ 12. Kf1 Qf6 13. Nc3 Nxc1 14. Rxc1 Bg4 15. Qe2 0-0-0 16. Ne4 Qg6 17. Nxd6+ Rxd6 18. c5 Rf6 19. h3 Bxf3 20. gxf3 1/2-1/2